| 000 | 00430nam a22001697a 4500 | ||
|---|---|---|---|
| 020 | _a9780074636312 | ||
| 082 | _a621.47 GAR | ||
| 100 | _aGarg, H.P. | ||
| 245 | _aSolar energy: fundamentals and applications | ||
| 250 | _a1st ed. (Revised) | ||
| 260 |
_aNew Delhi, India _bMcGraw Hill _c2000 |
||
| 300 |
_axviii, 434 p. _bill. ; |
||
| 500 | _aIncludes index. | ||
| 650 | _aSolar energy. | ||
| 700 | _aPrakash, J. | ||
| 942 | _cBK | ||
| 999 |
_c12530 _d12530 |
||